T-Squad - Członkowie (Sudden Death) - Statystyki

Ogólne statystyki
  • Ten quiz został rozwiązany 7 razy
  • Średni wynik to 8 z 10
Answers on the Grid
Answers color-coded by a green-red scale on the quiz's grid according to % correct below.
Lachu
Zipek
Murcix
Miłosz
Tritsus
Wojan
Oskar
Kaluch
Majlo
Wersow
Jack
Danon
Dexsi
Mr G
Abra
Czajnik
Friz
Maciek
Wiktor 5k
Justek
 
Statystyki odpowiedzi
Odpowiedź % Poprawnych
Zipek
100%
Jack
83%
Miłosz
83%
Mr G
83%
Oskar
83%
Tritsus
83%
Wiktor 5k
83%
Danon
67%
Maciek
67%
Majlo
17%
Nie znaleziono quizów pasujących do podanych kryteriów
Rozkład punktacji
Procent ludzi z każdym wynikiem
Percentyl według liczby udzielonych odpowiedzi
Twoja historia wyników
Nie rozwiązałeś tego quizu